| 000 | 00549nam a22001577a 4500 | ||
|---|---|---|---|
| 999 |
_c60912 _d60912 |
||
| 005 | 20231117113216.0 | ||
| 008 | 231117s1967 ru ||||| |||| 00| 0 rus d | ||
| 041 | _arus | ||
| 080 | _a821.14.02 Д-74 | ||
| 100 |
_aДримба, О. _920419 |
||
| 245 |
_aОвидий : _bПоэт Рима и Том / _cО. Дримба. |
||
| 264 |
_aБухарест : _bМеридиане, _c1967. |
||
| 300 |
_a292 с.: _bил.; _c20 см. |
||
| 653 | _aოვიდიუსი. რომის პოეტი და ტომი | ||
| 942 |
_2udc _cᲬᲘᲒᲜᲘ |
||